Normal view
MARC view
- ARCHITECTURE / General
Entry Topical Term
001 - CONTROL NUMBER
- control field: 30312
003 - CONTROL NUMBER IDENTIFIER
- control field: NUST
005 - DATE AND TIME OF LATEST TRANSACTION
- control field: 20200921094921.0
008 - FIXED-LENGTH DATA ELEMENTS
- fixed length control field: 200921|| aca||aabn | a|a d
040 ## - CATALOGING SOURCE
- Original cataloging agency: NUST
- Transcribing agency: NUST
150 ## - HEADING--TOPICAL TERM
- Topical term or geographic name entry element: ARCHITECTURE / General
670 ## - SOURCE DATA FOUND
- Source citation: Work cat.: (NUST): Weygant, Robert S., 1973- 30311, BIM content development :, c2011.
